000 00995nam a22002537a 4500
999 _c19266
_d19266
005 20251204125409.0
008 s2546 th tha d
020 _a9749577388
040 _aNALT
041 _atha
090 _aKT 11 ส287ร 2546
100 0 _aสมหมาย จันทร์เรือง
_93500
245 1 0 _aระบบศาลและพระธรรมนูญศาลยุติธรรม
260 3 _aกรุงเทพฯ :
_bวิญญูชน,
_c2546
300 _a176 หน้า :
_b แผนภูมิ ;
_c 21 ซม.
650 0 4 _aธรรมนูญศาลยุติธรรม
_97155
650 0 4 _aผู้พิพากษา
_916025
650 0 4 _aศาล
_932157
650 0 4 _aศาล -- ไทย
850 _aNALT
856 4 0 _uhttps://hdl.handle.net/20.500.14156/462001
_71
942 _cLB
_2lcc
_02
998 _j111
_k นางสาวพจพิณ พรมเอี่ยม